| 000 | 01131cam a22002771 4500 | ||
|---|---|---|---|
| 001 | gs 41000161 | ||
| 003 | DLC | ||
| 005 | 20260227111347.0 | ||
| 008 | 900507s1940 at abef b o000 0 eng | ||
| 010 | _ags 41000161 | ||
| 035 | _a(OCoLC)21486219 | ||
| 040 |
_aDLC _cTxU _dTxU _dDLC |
||
| 050 | 0 | 0 |
_aQE348 _b.A2 no. 98, 99 |
| 082 | _a622.3421 | ||
| 110 | 2 | _aGeological Survey of Western Australia. | |
| 245 | 1 | 4 | _aThe mining groups of the Yilgarn Goldfield, south of the Great Eastern Railway ... |
| 260 |
_aPerth, _bF.W. Simpson, Government Printer, _c1940. |
||
| 300 |
_a2 v. in 4. _billus. _c21 cm. + _eatlas of plates ((incl. maps, plans) 33 cm.) |
||
| 490 | 1 |
_aBulletin _v98-99 |
|
| 504 | _a"Literature": pt. 1, p. 14-17; pt.2, p. 14-17. | ||
| 505 | 0 | _apt. 1. From Southern Cross southwards to Marvel Loch, by R.S. Matheson and R.A. Hobson.--pt. 2. South of Marvel Loch, by R.A. Hobson and R.S. Matheson. | |
| 650 | 0 |
_aGold mines and mining _zAustralia _zWestern Australia. |
|
| 700 | 1 | _aMatheson, Robert S. | |
| 700 | 1 | _aHobson, Reginald Alan. | |
| 830 | 0 |
_aBulletin (Geological Survey of Western Australia) ; _v98-99. |
|
| 999 |
_c27746 _d27746 |
||